Πρωτεύουσες της Ευρώπης - Μυστική Διαδρομή - Statistics

General Stats
  • This quiz has been taken 34 times
  • The average score is 7 of 16
Answers on the Map
Answers color-coded by a green-red scale on the quiz's map according to % correct below.
 
Answer Stats
# Χώρα % Correct
Αρχή Κοπεγχάγη
100%
1 Παρίσι
100%
2 Δουβλίνο
95%
3 Ανδόρρα λα Βέλλα
52%
4 Μαδρίτη
52%
5 Αθήνα
52%
6 Κισινάου
48%
7 Βουκουρέστι
43%
8 Σαράγεβο
29%
9 Βουδαπέστη
29%
10 Πράγα
24%
11 Ρίγα
14%
12 Στοκχόλμη
14%
13 Μόσχα
14%
14 Βαρσοβία
14%
Τέλος Κίεβο
14%
No matching quizzes found
Score Distribution
Percent of People with Each Score
Percentile by Number Answered
Your Score History
You have not taken this quiz